000 00329nam a2200157Ia 4500
003 0STCL
008 150530s9999 xx 000 0 und d
040 _aSTCL
_cSTCL
100 _aRemarque
245 _aThree Comrades
260 _c1934
546 _aEnglish
942 _2ddc
_cBK
999 _c57411
_d57411
005 20220125171028.0